000 00454nam a22001337a 4500
999 _c4587
_d235091
020 _a9789872446406
080 _a351 N 313
245 _aNegociación Colectiva
260 _aBuenos Aires
_bIEC- CONADU
_c2012
300 _a213 p.
650 _xadministracion publica
_xempleo publico
_xnegociacion colectiva
_xley 23929
_xley 24185
_xley 24521
_xley 24447
_xconvenio colectivo de trabajo
_xdocentes
_xADUM
_xUNMDP
_xOIT
942 _6_
945 _acd
_d2017-08-22